00374nam a2200109Ia 45000010005000000080041000050200022000460820016000681000019000842450139001032600022002422286241024s9999 xx 000 0 und d a978-987-1836-76-5 a370.1/L864i aNestor López 0aInforme sobre tendencias sociales y educativas en América Latina 2011. La educación de los pueblos indígenas y afrodescendientes bIIPE-UNESCOc2011